| 000 | 00677nam a22001937a 4500 | ||
|---|---|---|---|
| 003 | OSt | ||
| 005 | 20251125111042.0 | ||
| 008 | 251125b |||||||| |||| 00| 0 eng d | ||
| 020 | _a 13 : 978-0-7391-2908-1. | ||
| 040 |
_aDWCL-Admin lib _cOC |
||
| 082 | _aCirc. 320.3 N532 2008 | ||
| 100 | _aHolmes, Jennifer S. | ||
| 245 |
_a New approaches to comparative politics : _binsights from political theory / _cJennifer S. Holmes |
||
| 260 |
_aLanham, MD : _bLexingtor Books, _cc2008 |
||
| 300 |
_a 168 p. : _bill. ; _c23 cm. |
||
| 504 | _aIncludes bibliographical references & index. | ||
| 650 | _a1. Comparative government-Study and teaching | ||
| 942 |
_2ddc _cBK-CIRC _kCirc. _n0 |
||
| 999 |
_c6229 _d6229 |
||